| 000 | 00336nam a2200109Ia 4500 | ||
|---|---|---|---|
| 008 | 180205s9999 xx 000 0 und d | ||
| 020 | _a971086100x | ||
| 100 | _aMatienzo, Narciso V. | ||
| 245 |
_cMatienzo, Rosalina C. _aKorespondensiya saFilipino / |
||
| 260 |
_aNavotas, Metro, Manila _bNational bookstore _c2000 |
||
| 300 | _av, 132 pages | ||
| 999 |
_c354717 _d354717 |
||